| 000 | 00493nam a2200181Ia 4500 | ||
|---|---|---|---|
| 008 | 151202s9999||||xx |||||||||||||| ||und|| | ||
| 082 | _bPNVM-31016 | ||
| 100 | _aपै शिरीष. | ||
| 245 | _aझपाटलेली. | ||
| 260 | _bवि.ग.परचुरे. | ||
| 260 | _c1975 | ||
| 300 | _a59 | ||
| 600 | _aपै शिरीष. | ||
| 630 | _aझपाटलेली. | ||
| 700 | _aपै शिरीष. | ||
| 730 | _aझपाटलेली. | ||
| 942 | _cBOOK | ||
| 999 |
_c1296978 _d1296975 |
||